00710nam a2200145 a 450000100100000000500170001000800410002704000250006808200150009324500780010826002120018630000350039895201140043399900170054700003653520200930075803.0120119s2003 cu ac 000 0 spa d aDO-SdBNPbspacBNPHU axxxxbT76400aTráfico ilícito de bienes culturales en América Latina y el Caribe. aLa Habana, Cuba :bUNESCO :bOficina Regional de Cultura para América Latina y el Caribe, representación ante Cuba, Aruba y República Dominicana, Oficina Cabeza del Grupo de Países del Caribe,c2003. a83 p. :bils., retr. ;c31 cm. 0010507-18MOaGRbGRcOId2012-01-19iLF1l0oxxxx T764p36535-10r2020-06-25w2020-06-25y1ZNo se presta c36026d36026